Musical Instruments A-Z picture quiz - Statistics

General Stats
  • This quiz has been taken 178 times
  • The average score is 15 of 26
Answer Stats
Picture Hint Answer % Correct
A Accordion
95%
F Flute
94%
C Clarinet
93%
E Electric Guitar
91%
P Piano
89%
V Violin
88%
U Ukulele
87%
X Xylophone
84%
O Organ
82%
M Maracas
80%
R Recorder
79%
T Tenor {Trombone}
79%
L Lyre
70%
D Didgeridoo
68%
S Sitar
65%
W Washboard
52%
K (also known as a Timpani) {Kettle} drum
47%
Z Zither
42%
B Balalaika
40%
I (Uilleann) {Irish} Bagpipes
35%
J Jew's Harp
21%
G Glass Harmonica
13%
Q (Andean flute) Quena
8%
N (Swedish key fiddle) Nyckelharpa
7%
H (a Japanese horn) Horagi
1%
Y (Chinese gong set) Yunluo
0%
No matching quizzes found
Score Distribution
Percent of People with Each Score
Percentile by Number Answered
Your Score History
You have not taken this quiz